000 00859nam a2200229 a 4500
001 000035521
005 20200930074414.0
008 111103s1991 mx 000 0 spa d
020 _a9684228740
040 _aDO-SdBNP
_bspa
_cBNPHU
082 _axxxx
_bxxxx
100 1 _aCorey, E. Raymond
_961405
245 1 0 _aCómo entrar en el mercado /
_cE. Raymond Corey ; Frank V. Céspedes, V. Kasturi Rangan ; Rosa María Rosas Sánchez.
246 1 0 _aCómo entrar en el mercado
_bsistema de distribución delos productos industriales
260 _aMéxico :
_bMcGRAW-HILL,
_c1991.
300 _a436 p. ;
_c20 cm.
500 _aIncluye índice
504 _aIncluye referencias bibliográficas y notas al pie de las páginas
700 1 _aV. Céspades, Frank
_961406
700 1 _aKasturi Rangan, V.
_961407
700 1 _aRosas Sánchez, María Rosa,
_etr.
_961408
999 _c35012
_d35012